| 000 | 01265nam a22002655i 4500 | ||
|---|---|---|---|
| 001 | 161776 | ||
| 003 | ES-MaACL | ||
| 005 | 20251201163631.0 | ||
| 008 | 980130s1860 sp |||| | spa d | ||
| 080 | _a929 Pérez Calvo, Juan | ||
| 080 | _a929 Prim, Juan | ||
| 080 | _a355.48(460:64)"1859/60" | ||
| 100 | 1 |
_aPérez Calvo, Juan, _dm.1870 _990698 |
|
| 245 | 1 | 0 |
_aSiete días en el campamento de África al lado del general Prim : _bcomprende desde el día 2 al 8 de febrero inclusive en que han tenido lugar los principales acontecimientos / _cpor Juan Pérez Calvo. |
| 260 |
_aMadrid : _b[s.n.], _c1860 ( _fImp. de T. Fortanet) |
||
| 300 |
_a98 p. ; _c21 cm. |
||
| 530 | _aDisponible en formato digital. | ||
| 600 | 1 | 4 |
_aPérez Calvo, Juan, _dm.1870 _990698 |
| 600 | 1 | 4 |
_aPrim, Juan, _d1814-1870 _9242561 |
| 650 | 4 |
_aGuerra hispano-marroquí, 1859-1860- _vRelatos personales. _913210 |
|
| 852 | 4 |
_aES-MaACL _jT-57-F-2 _z- Enc. hol., falto de cub. original _z- Enc. en un vol. facticio |
|
| 852 | 4 |
_aES-MaACL _jT-1394-F-4 _z- Enc. hol. conservando cub. original _z- Enc. en un vol. facticio |
|
| 856 | 4 |
_uhttps://bibliotecadigital.jcyl.es/es/consulta/registro.do?id=23256 _zBiblioteca Digital de Castilla y León |
|
| 999 |
_c161776 _d161776 |
||